000 00362nam a2200133Ia 4500
008 220217s9999||||xx |||||||||||||| ||und||
020 _a81-224-0218-6
082 _a621.3 LAN
100 _aLang, Johannes, G
245 0 _aElectric field: seimensseries
260 _aWiley eastern limited
_bNew Delhi
_c1991
300 _b40
650 _aELECTRICAL SCIENCE
999 _c173310
_d173310